000 00483nam a2200157 a 4500
001 000048057
005 20201002060907.0
008 181112s2018 dr 000 spa d
020 _a9789945168815
040 _aDO-SdBNP
_bspa
_cBNPHU
100 _aJesús Ulerio, Luis Felipe De
_916087
245 0 _aLaika y balto :
_bmisión felicidad /
_cLuis Felipe de Jesús Ulerio.
260 _aSanto Domingo :
_bBúho,
_c2018.
300 _a142 p. ;
_c22 cm.
590 _aInventariado, 2018 / DG
999 _c47545
_d47545